Ciudades latinoamericanas que comienzan con V - Estadísticas

Estadísticas generales
  • Esta prueba ha sido intentada 1.293 veces
  • La puntuación promedio es 3 de 10
Respuestas en el mapa
Las respuestas están codificadas por una escala verde-roja en el mapa de la prueba según el % correcto abajo.
 
Estadísticas de respuestas
País Población Ciudad % Correcto
Chile 0,90 M Valparaíso
74%
México 0,54 M Veracruz
67%
Venezuela 1,59 M Valencia
57%
México 0,62 M {Victoria} de Durango
27%
Brasil 0,37 M Vitória
27%
Colombia 0,47 M Valledupar
20%
México 0,34 M Villahermosa
20%
Colombia 0,50 M Villavicencio
20%
Guatemala 0,54 M Villa Nueva
13%
Brasil 0,51 M Vila Velha
9%
No se encontraron pruebas coincidentes
Distribución de puntuación
Porcentaje de gente con cada puntuación
Porcentaje por número respondido
Historial de tus puntuaciones
No has intentado esta prueba.